| 000 | 00543nam a2200193Ia 4500 | ||
|---|---|---|---|
| 003 | LDD | ||
| 008 | 181029s9999 xx 000 0 und d | ||
| 020 |
_a8172016557 _c60.00 |
||
| 040 | _cLDD | ||
| 100 | _aBandyopadhyaya, Manik | ||
| 245 | 4 |
_aThe Puppet's tale _cManik Bandyopadhyaya |
|
| 260 |
_aNew Delhi _bSahitya Akademi _c1968 |
||
| 300 | _axiii, 272 | ||
| 365 | _b60.00 | ||
| 901 |
_a1032 _b08-10-1997 |
||
| 902 |
_a567794 _b10-10-1997 _cF _dUBS _e42 |
||
| 903 |
_aDiscount-10 _bReqst by : Renu Bhardwaj |
||
| 942 |
_2ddc _cBK |
||
| 999 |
_c56765 _d56765 |
||